Harmonizace účetní závěrky v rámci Evropské unie

Pokračovanie z č. 11/2000. Výsledovka má podať informácie o výkonnosti podniku meranej na báze výnosov a nákladov. Vzory výsledovky 4. direktívy s druhovým členením prevádzkových nákladov. Vzory výsledovky 4. direktívy s účelovým členením prevádzkových nákladov.

Gespeichert in:
Bibliographische Detailangaben
1. Verfasser: Kovanicová, Dana
Format: Buchkapitel
Sprache:Tschechisch
Schlagworte:
Tags: Tag hinzufügen
Keine Tags, Fügen Sie das erste Tag hinzu!

MARC

LEADER 00000naa a2200000 4500
001 r040277
005 20230913085219.5
041 0 |a cze 
044 |a CZ 
245 1 0 |a Harmonizace účetní závěrky v rámci Evropské unie  |c Dana Kovanicová 
520 |a Pokračovanie z č. 11/2000. Výsledovka má podať informácie o výkonnosti podniku meranej na báze výnosov a nákladov. Vzory výsledovky 4. direktívy s druhovým členením prevádzkových nákladov. Vzory výsledovky 4. direktívy s účelovým členením prevádzkových nákladov. 
610 2 0 |a závierka účtovná 
610 2 0 |a Európska únia 
610 2 0 |a účtovníctvo 
610 2 0 |a smernice 
610 2 0 |a výsledovka 
610 2 0 |a náklady 
610 2 0 |a náklady prevádzkové 
610 2 0 |a výnosy 
610 2 0 |a výsledok hospodársky 
100 1 |a Kovanicová, Dana